ბათუმის შოთა რუსთაველის სახელმწიფო უნივერსიტეტის ბიბლიოთეკა

Variable Lebesgue spaces : (ბიბ.ჩანაწერი № 57446)

000 -LEADER
fixed length control field 00752cam a22002177a 4500
001 - CONTROL NUMBER
control field 17581425
005 - DATE AND TIME OF LATEST TRANSACTION
control field 20220929152839.0
008 - FIXED-LENGTH DATA ELEMENTS--GENERAL INFORMATION
fixed length control field 130107s2013 gw a b 001 0 eng d
020 ## - INTERNATIONAL STANDARD BOOK NUMBER
International Standard Book Number 9783034805476
041 ## - LANGUAGE CODE
Language code of text/sound track or separate title eng
080 ## - UNIVERSAL DECIMAL CLASSIFICATION NUMBER
Universal Decimal Classification number 517.55 C-87
100 1# - MAIN ENTRY--PERSONAL NAME
Personal name Cruz-Uribe, David V.
9 (RLIN) 8660
245 10 - TITLE STATEMENT
Title Variable Lebesgue spaces :
Remainder of title foundations and harmonic analysis /
Statement of responsibility, etc. David V. Cruz-Uribe, Alberto Fiorenza.
264 #4 - PRODUCTION, PUBLICATION, DISTRIBUTION, MANUFACTURE, AND COPYRIGHT NOTICE
Date of production, publication, distribution, manufacture, or copyright notice 2013.
Place of production, publication, distribution, manufacture New York :
Name of producer, publisher, distributor, manufacturer Birkhäuser/Springer,
300 ## - PHYSICAL DESCRIPTION
Extent 312 pages ;
Dimensions 24 cm.
653 ## - INDEX TERM--UNCONTROLLED
keyword მათემატიკა
653 ## - INDEX TERM--UNCONTROLLED
keyword ცვლადი ფუნქციები
700 1# - ADDED ENTRY--PERSONAL NAME
Personal name Fiorenza, Alberto.
Relator term ავტორი
9 (RLIN) 8663
830 #0 - SERIES ADDED ENTRY--UNIFORM TITLE
Uniform title Applied and numerical harmonic analysis.
9 (RLIN) 8664
942 ## - ADDED ENTRY ELEMENTS (KOHA)
Source of classification or shelving scheme
Koha item type წიგნი
ეგზემპლარები
Withdrawn status Lost status Source of classification or shelving scheme Damaged status Not for loan Permanent Location Current Location Shelving location Date acquired Cost, normal purchase price Full call number Barcode Date last seen Copy number Price effective from Koha item type Public note
          ბათუმის შოთა რუსთაველის სახელმწიფო უნივერსიტეტის მთავარი ბიბლიოთეკა ბათუმის შოთა რუსთაველის სახელმწიფო უნივერსიტეტის მთავარი ბიბლიოთეკა წიგნსაცავი 2020-06-22 284.00 517.55 C-87 60643 2020-06-22 60643 2020-06-22 წიგნი 284 ლ.